Procedimiento contencioso-administrativo, providencias que causan estado
Enregistré dans:
| Auteur principal: | |
|---|---|
| Format: | Livre |
| Langue: | espagnol |
| Publié: |
Madrid
José Góngora Alvarez
1896
|
| Collection: | Obras de Derecho, Filosofía y Estudios Sociales
|
| Sujets: | |
| Tags: |
Ajouter un tag
Pas de tags, Soyez le premier à ajouter un tag!
|
MARC
| LEADER | 00000nam a2200000 a 4500 | ||
|---|---|---|---|
| 001 | UCS0582 | ||
| 003 | CL-VaPUC | ||
| 008 | 970426e18960000SP |||||||||||||||||spa|d | ||
| 082 | 0 | 4 | |a 342.066 |b CAB |2 21 |
| 100 | 0 | |a Caballero, José María |e author |9 384258 | |
| 245 | 1 | 0 | |a Procedimiento contencioso-administrativo, providencias que causan estado |
| 300 | |a 286 p | ||
| 942 | |c BK | ||
| 945 | |d 19970426 00:00:00 |a paguirre | ||
| 260 | |a Madrid |b José Góngora Alvarez |c 1896 | ||
| 650 | 0 | |a Derecho administrativo |9 254851 | |
| 650 | 7 | |a CONTENCIOSO ADMINISTRATIVO |2 CL-VaPUC |9 255490 | |
| 650 | 7 | |a TRIBUNALES CONTENCIOSO ADMINISTRATIVOS |2 CL-VaPUC |9 384259 | |
| 650 | 0 | |a Procedimiento administrativo |9 256132 | |
| 650 | 0 | |a Administración pública |9 255343 | |
| 651 | 0 | |a España |9 254926 | |
| 583 | |a last modification |c 19970426 00:00:00 |k Rodrigo Vera | ||
| 490 | 0 | |a Obras de Derecho, Filosofía y Estudios Sociales | |
| 999 | |c 258804 |d 258802 | ||
| 952 | |0 0 |1 0 |4 0 |6 342_066000000000000_CAB_1896 |7 0 |8 A |9 283109 |a BIBDER |b BIBDER |d 2019-11-19 |i 1838180 |o 342.066 CAB 1896 |p 1838180 |r 2023-01-25 |w 2019-11-19 |y BK |k DER | ||